Friction

Detalles Bibliográficos
Autor Corporativo: Springer (Firm)
Formato: Electrónico Seriadas
Lenguaje:inglés
Publicado: Hongkong : Tsinghua University Press, 2013-
Heidelberg : Springer
Materias:
Acceso en línea:Full text available from Research Library: 03/01/2013 to present

MARC

LEADER 00000nas a2200000 i 4500
001 ssj0001507040
003 WaSeSS
005 20200512172242.0
006 m d
007 cr n
008 140911c20139999gw qr ss 0 a0eng c
010 |a  2017236812 
022 |a 2223-7704  |l 2223-7690 
035 |a (WaSeSS)ssj0001507040 
040 |a AU@  |b eng  |e pn  |c AU@  |d DLC  |d OCLCF  |d CUS  |d Z5A  |d UX1  |d VT2  |d NOC  |d DLC  |d UAB  |d OCLCQ  |d WaSeSS 
042 |a pcc 
050 0 0 |a TA418.72 
222 0 |a Friction  |b (Online) 
245 0 0 |a Friction  |h [electronic resource]. 
260 |3 2013- :  |a Hongkong :  |b Tsinghua University Press,  |c 2013- 
260 3 |3 <2017-> :  |a Heidelberg :  |b Springer 
310 |a Quarterly 
362 1 |a Began with Volume 1, issue 1 (March 2013). 
506 |a License restrictions may limit access. 
588 |a Description based on: Volume 1, issue 1 (March 2013); title from journal home page (publisher's Web site, viewed September 11, 2016). 
588 |a Latest issue consulted: Volume 5, issue 4 (December 2017) (SpingerLink website, viewed December 8, 2017). 
650 0 |a Friction  |v Periodicals. 
650 7 |a Friction.  |2 fast  |0 (OCoLC)fst00935123 
655 0 |a Electronic journals. 
710 2 |a Springer (Firm) 
776 0 8 |i Print version:  |t Friction  |x 2223-7690 
850 |a DLC 
856 4 0 |z Full text available from Research Library: 03/01/2013 to present  |u https://search.proquest.com/publication/2034759